000 00461nam a2200169Ia 4500
008 180921t2015 xxu||||| |||| 00| 1 sin d
041 _asin
080 _aX8C31
_bSRI
100 _aSriyananda, Chandrasiri
245 _aනන්නත්තාර දාර්ශනිකයා
246 _aNannaththara Darshanikaya
260 _bAuthor
_aWegowwa
_c2015
300 _a285p., 21cm
942 _cBK
999 _c8072
_d8072
003 LK-CoDNM
040 _aLK-CoDNM
_dLK-CoDNM
_eLK-CoDNM